Aldo el joven rey = (Registro nro. 8842)

Detalles MARC
000 -LIDER
fixed length control field 00847nam a22003017a 4500
001 - NÚMERO DE CONTROL
Identificador de número de control 0146
003 - IDENTIFICACDOR DE NÚMERO DE CONTROL
control field DO-SdBNP
005 - DATE AND TIME OF LATEST TRANSACTION
control field 20180226131922.0
007 - CAMPOS FIJOS DE DESCRIPCIÓN FÍSICA
fixed length control field 0146
008 - ELEMENTOS DE LONGITUD FIJA
fixed length control field 151005b 2006 pn a00| 0 spa d
020 ## - ISBN
International Standard Book Number 9962629438
020 ## - ISBN
International Standard Book Number 9789962629436
040 ## - FUENTE DE CATALOGACIÓN
Agencia que crea de manera original el registro BPMSU
Idioma de catalogación spa
Agencia que realiza la transcripción BPMSU
041 17 - CÓDIGOS DE OBRAS TRADUCIDAS O EN VARIOS IDIOMAS
Código del idioma del texto/archivo de sonido o separata spa
Código del idioma del resumen, abstract o subtítulo eng
082 #4 - NÚMERO DE CLASIFICACIÓN DECIMAL DE DEWEY
Classification number xxxx
Item number xxxx
100 1# - ASIENTO PRINCIPAL -- NOMBRE PERSONAL
Nombre personal Nieto Bruña, Laura
245 10 - MENCIÓN DE TITULO
Título Aldo el joven rey =
Subtítulo Aldo the young king /
Mención de responsabilidad Laura Nieto Bruña ; traducción Andrea E. Alvarado
260 ## - PUBLICACIÓN, DISTRIBUCIÓN, ETC. (PIE DE IMPRENTA)
Lugar de publicación, distribución, etc Panama :
Nombre del editor, distribuidor, etc. Piggy press books,
Fecha de publicación, distribución, etc 2006.
300 ## - DESCRIPCIÓN FÍSICA
Extensión 35 p. :
Dimensiones 21 cm.
500 ## - NOTA GENERAL
Nota general Texto en dos idiomas
500 ## - NOTA GENERAL
Nota general Libro para colorear = coloring book
521 1# - TARGET AUDIENCE NOTE
Target audience note A partir de los 12 años
700 12 - ASIENTO SECUNDARIO -- NOMBRE PERSONAL
Nombre personal Alvarado, Andrea E.,
Mención de responsabilidad tr.
910 ## - VALIDACIÓN
Validación 202
942 ## - ADDED ENTRY ELEMENTS (KOHA)
Source of classification or shelving scheme Dewey Decimal Classification
Koha item type Libros
945 ## - INFORMACIÓN DE PROCESAMIENTO LOCAL
Información de procesamiento local Inventariado, 2018 / BT
956 ## - LOCAL ELECTRONIC LOCATION AND ACCESS (OCLC)
Nombre de host Yngrid Lockward
Existencias
Withdrawn status Lost status Source of classification or shelving scheme Damaged status Not for loan Collection code Home library Current library Date acquired Source of acquisition Total Checkouts Full call number Barcode Date last seen Price effective from Koha item type
    Dewey Decimal Classification     Colección Infantil General Biblioteca Pública Metropolitana Salomé Ureña Biblioteca Pública Metropolitana Salomé Ureña 11/20/2015 ABINIA   xxxx xxxx BPMSU15110413 11/20/2015 11/20/2015 Libros